000 01139nam a2200253 4500
999 _c2828
_d2828
006 a||||go||d| 00| 0
007 cr |||||||||||
008 861201s2020 enka o 001 0 eng d
020 _a9780128191347
_q(ebook)
040 _aKO
_beng
044 _aenk
082 0 4 _223
245 0 0 _aMaritime transport and regional sustainability /
_cedited by Adolf K.Y. Ng, Jason Monios, Changmin Jiang.
264 1 _aAmsterdam, Netherlands :
_bElsevier,
_c[2020]
300 _a1 online resource
520 _a"Edited by Adolf Ng, Director of Transport Institute, University of Manitoba, Canada Professor of Transport and Supply Chain Management, Asper School of Business, University of Manitoba, Canada ; Jason Monios, Associate Professor in Maritime Logistics at Kedge Business School, Marseille, France and Jiang Chang, Professor, Shanghai Institute of Ceramics, Chinese Academy of Sciences, Beijing, China"--
700 1 _aNg, Adolf,
_eedt
700 1 _aMonios, Jason,
_eedt
700 1 _aJiang, Changmin,
_eedt
856 4 0 _uhttps://www.sciencedirect.com/science/book/9780128191347
904 _aA_BOSE
942 _cEB